The Bubble Economy in Japan

V posledných rokoch sa na realitných trhoch vo viacerých vyspelých ekonomikách vyvinuli cenové bubliny, vrátane Spojených štátov, Austrálie, Veľkej Británie, severských krajín a Japonska. Bublinová ekonomika - symptómy a príčiny. Tieto bubliny vyvolávajú pochybnosti o účinnosti zásahov centrálnej ba...

Descrizione completa

Salvato in:
Dettagli Bibliografici
Autore principale: Woltemar, Richard
Natura: Capitolo di libro
Lingua:inglese
Soggetti:
Tags: Aggiungi Tag
Nessun Tag, puoi essere il primo ad aggiungerne!!

MARC

LEADER 00000nla$a2200000$$$4500
001 0120521
005 20240502072345.7
041 0 |a eng 
044 |a SK 
245 1 0 |a The Bubble Economy in Japan  |c Richard Woltemar 
520 |a V posledných rokoch sa na realitných trhoch vo viacerých vyspelých ekonomikách vyvinuli cenové bubliny, vrátane Spojených štátov, Austrálie, Veľkej Británie, severských krajín a Japonska. Bublinová ekonomika - symptómy a príčiny. Tieto bubliny vyvolávajú pochybnosti o účinnosti zásahov centrálnej banky. Sprísnením menovej politiky a zvyšovaním úrokových sadzieb môže centrálna banka brániť alebo dokonca zastaviť takéto bubliny. Bublinová ekonomika v Japonsku. 
610 2 0 |a ceny 
610 2 0 |a vývoj cenový 
610 2 0 |a nehnuteľnosti 
610 2 0 |a Japonsko 
610 2 0 |a bubliny finančné 
100 1 |a Woltemar, Richard